000 00726nam a2200301Ia 4500
003 OSt
005 20140315104803.0
008 140130s9999 xx 000 0 und d
020 _a9780439095105
050 _aPZ 7
_b.G174St 1999
100 _aGardiner, John Reynolds.
_96700
245 _cJohn Reynolds Gardiner.
_aStone fox /
260 _bScholastic Inc.,
_cc1999.
_aUSA :
300 _a81 p. :
_bill.;
_c23 cm.
440 _v1
_931174
521 _aG3
526 _c550
650 _aSled dog racing
_xFiction.
_931176
942 _cBK
_2lcc
999 _c41828
_d41828